000 00482nam a2200205Ia 4500
008 210210b1852 xxu||||| |||| 00| 0 eng d
041 _aeng
082 _a822/917
100 _aNEWMAN (J H)
245 _aScope and nature of university education
260 _aLondon
_bJ M Dent and Sons Ltd.
_c1852
650 _auniversity
650 _aScope
650 _aof
650 _anature
650 _aeducation
650 _aand
690 _aEnglish Prose
906 _a013100
999 _c131937
_d131937